| Tag |
First Indicator |
Second Indicator |
Subfields |
| LEADER |
00000cam a2200000 a 4500 |
| 001 |
in00000788913 |
| 005 |
20151017062330.0 |
| 008 |
810730m19511954it af b 00110 ita c |
| 010 |
|
|
|a a 52004977
|
| 035 |
|
|
|a (OCoLC)07628100
|
| 035 |
|
|
|9 ADM8991AM
|
| 040 |
|
|
|a Harvard Univ. Library
|c FDA
|d FDA
|d m/c
|d PIT
|d TXA
|d UtOrBLW
|
| 049 |
|
|
|a TXAS [rare]
|v 1
|v 2
|v 1
|v 2
|
| 050 |
|
0 |
|a NA285.C3
|b Z3
|
| 100 |
1 |
|
|a Zancani Montuoro, Paola.
|
| 245 |
1 |
0 |
|a Heraion alla foce del Sele /
|c P. Zancani Montuoro, U. Zanotti- Bianco.
|
| 264 |
|
1 |
|a Roma :
|b Libreria dello Stato,
|c 1951-1954.
|
| 300 |
|
|
|a 2 volumes :
|b illustrations, plates ; 36 cm.
|
| 336 |
|
|
|a text
|b txt
|2 rdacontent
|
| 337 |
|
|
|a unmediated
|b n
|2 rdamedia
|
| 338 |
|
|
|a volume
|b nc
|2 rdacarrier
|
| 500 |
|
|
|a Plates for volumes 1-2 issued in portfolios.
|
| 500 |
|
|
|a "L'architettura del templo, a cura di Freidrich Krauss" : volume 1, pages [81]-119.
|
| 505 |
1 |
|
|a l. Il santuario. Il tempo della dea. Rilievi figurati varii. -- 2. Il primo thesauros.
|
| 504 |
|
|
|a Includes bibliographies and indexes.
|
| 610 |
2 |
0 |
|a Temple of Hera (Capaccio, Italy)
|
| 700 |
1 |
|
|a Zanotti-Bianco, Umberto.
|
| 700 |
1 |
|
|a Krauss, Friedrich,
|d 1900-1977.
|
| 999 |
|
|
|a MARS
|
| 999 |
f |
f |
|s 72024529-0e35-3aa7-90e6-3f205d32ffc3
|i 38404d1e-5d7b-340f-9367-19382241050c
|t 0
|
| 952 |
f |
f |
|p noncirc
|a Texas A&M University
|b College Station
|c Cushing Memorial Library & Archives
|d Cushing: Rare Books (Does not check out)
|t 0
|e NA285.C3 Z3
|f Oversize
|h Library of Congress classification
|i unmediated -- volume
|
| 998 |
f |
f |
|a NA285.C3 Z3
|s v.2 (plates)
|t 0
|l Cushing: Rare Books (Does not check out)
|